| 000 | 00367cam a2200145ua 4500 | ||
|---|---|---|---|
| 041 |
_aeng _h |
||
| 082 |
_a823.308 _bORC/WI |
||
| 100 | _aOrczy, Baroness . | ||
| 245 |
_aI will repay / _cBaroness Orczy. _hTextual Documents |
||
| 260 |
_aLondon : _bUniversity of London Press Ltd , _c1959. |
||
| 300 | _a184 ; . | ||
| 504 | _a | ||
| 942 | _cBK | ||
| 999 |
_c12666 _d12666 |
||